| 000 | 02341cam a22004694i 4500 | ||
|---|---|---|---|
| 003 | PE-LiUPU | ||
| 005 | 20250731173342.0 | ||
| 008 | 150706s1992 sp r 000 0 spa d | ||
| 020 | _a8425418186 | ||
| 035 | _a(Sirsi) i9788425418181 | ||
| 040 |
_aPE-LiUPU _bspa _cPE-LiUPU _erda |
||
| 049 | _aPRUA | ||
| 082 | 0 | 4 |
_a224.407 _bS25 _221 |
| 100 | 1 |
_aSavoca, Gaetano, _eautor. |
|
| 245 | 1 | 3 |
_aEl libro de Ezequiel / _cGaetano Savoca ; [versión castellana de Marciano Villanueva Salas]. |
| 264 | 1 |
_aBarcelona : _bHerder, _c1992. |
|
| 300 |
_a165 páginas ; _c20 centímetros. |
||
| 336 |
_atext _2rdacontent |
||
| 337 |
_aunmediated _2rdamedia |
||
| 338 |
_avolume _2rdacarrier |
||
| 490 | 0 | _aGuía espiritual del Antiguo Testamento | |
| 505 | 0 | _aVida y obras -- Ambiente histórico de su ministerio -- Ambiente religioso -- Formación del libro -- Temática religiosa -- La gloria de aquel que todo lo mueve -- Háblales con mis palabras -- Palabras dinámicas.-Ejecución de visión de un judío divino -- La lucha contra los falsos profetas -- A la espera de un amor humilde y agradecido -- Valor de una respuesta de amor personal y actual -- Visión profética de la historia de la salvación -- Exigencia de purificación radical -- Confirmación de los hechos por la palabra profética -- La gloria de YHWH en los acontecimientos de otros pueblos -- Los guías de un pueblo nuevo -- La gloria del nombre divino en la obra de la restauración -- La acción trascendental de YHWH en la futura restauración. | |
| 526 | _aSEG42 | ||
| 526 | _aSEG41 | ||
| 526 | _aSEG40 | ||
| 526 | _aSEG39 | ||
| 526 | _aP94 | ||
| 526 | _aP87 | ||
| 526 | _aP86 | ||
| 526 | _aP85 | ||
| 526 | _aP77 | ||
| 526 | _aP76 | ||
| 526 | _aP35 | ||
| 541 | _g007-0020315; | ||
| 630 |
_aBiblia. _pA.T. _pEzequiel _xComentarios. |
||
| 910 |
_agl _bjv _cng _d20090916 |
||
| 942 |
_2ddc _cBOOK |
||
| 949 |
_a224.407 S25 _wDEWEY _c1 _i60340 _lCCODEBUL1 _mBUL _p17.00 _r0 _sY _tBOOK _u2015-7-6 _xTEOLOGIA _zUNKNOWN _0COMPRA _o.STAFF. Colección Teología |
||
| 994 |
_aC0 _bPEPRU |
||
| 596 | _a1 | ||
| 999 |
_a224.407 S25 _wDEWEY _c49802 _i60340 _d49802 _e2018-6-18 _f2021-11-9 _g5 _lCCODEBUL1 _mBUL _n2 _p17.00 _q3 _r0 _sY _tBOOK _u2015-7-6 _xTEOLOGIA _PP35 _0COMPRA _o.STAFF. Colección Teología |
||
| 980 |
_81 _gALBERTO SANCHEZ Responsable de Automatización |
||